[Event "PER-ch"]
[Site "Peru"]
[Date "1994.??.??"]
[Round "7"]
[White "Oblitas, Carlomagno"]
[Black "Granda Zuniga, Julio E"]
[Result "0-1"]
[WhiteElo "2480"]
[BlackElo "2620"]

1.d4 d5 2.c4 dxc4 3.e3 Nf6 4.Bxc4 e6 5.Nc3 a6 6.a4 c5 7.Nf3 Nc6 8.O-O Be7
9.Qe2 O-O 10.Rd1 Qc7 11.h3 Rd8 12.d5 exd5 13.Bxd5 Nb4 14.e4 Nfxd5 15.Nxd5 Nxd5
16.exd5 Bf5 17.Bg5 Bxg5 18.Nxg5 Qd6 19.Rac1 Rac8 20.Rc3 Qg6 21.Rg3 Re8 22.Qc4 Qd6
23.Qc3 f6 24.Nf3 Re4 25.a5 h5 26.Nh2 Rce8 27.Nf1 Re2 28.Re3 R8xe3 29.Nxe3 Qf4
30.Rf1 Bd7 31.Qxc5 Rxb2 32.d6 Rd2 33.Nd5 Qe5 34.Ne7+ Kf7 35.Qc4+ Be6 36.Qc1 Rxd6
37.Nc8  0-1

[Event "PER-ch"]
[Site "Peru"]
[Date "1994.??.??"]
[Round "8"]
[White "Granda Zuniga, Julio E"]
[Black "Urday, Henry"]
[Result "1-0"]
[WhiteElo "2620"]
[BlackElo "2470"]

1.d4 Nf6 2.c4 e6 3.Nf3 Bb4+ 4.Bd2 a5 5.g3 b6 6.Bg2 Bb7 7.O-O O-O 8.Nc3 d6
9.Qc2 Nbd7 10.Rad1 Qe7 11.Bc1 Rac8 12.b3 d5 13.Ne5 Bd6 14.Bf4 c6 15.e4 dxe4
16.Nxe4 Nxe4 17.Bxe4 Nf6 18.Bg5 h6 19.Bxf6 gxf6 20.Nd3 f5 21.Bf3 Rfd8 22.Qd2 Qg5
23.Qe3 Ba6 24.Rfe1 Bf8 25.Ne5 Bb7 26.Qe2 Bg7 27.h4 Qe7 28.Qe3 Rc7 29.Kh2 Kh7
30.Qf4 Rcc8 31.Kh3 Qc7 32.Bh5 Rf8 33.Rd3 Rcd8 34.Ng6 Qxf4 35.Nxf8+ Kg8 36.gxf4 Kxf8
37.Red1 Ba6 38.Be2 Ke7 39.R3d2 Bb7 40.Bf3 Kd6 41.Kg2 Bf6 42.h5 Ba6 43.Kf1 Kc7
44.Ke2 b5 45.cxb5 cxb5 46.Rc1+ Kb8 47.Rc6 Bc8 48.d5 Bb7 49.Rc5 Ba6 50.Kd1 Be7
51.d6  1-0

[Event "PER-ch"]
[Site "Peru"]
[Date "1994.??.??"]
[Round "9"]
[White "Belli, Mario"]
[Black "Granda Zuniga, Julio E"]
[Result "1/2-1/2"]
[WhiteElo "2410"]
[BlackElo "2620"]

1.e4 c5 2.Nf3 Nc6 3.Bb5 e6 4.Bxc6 bxc6 5.O-O Ne7 6.d3 Ng6 7.Nbd2 Be7 8.Nc4 O-O
9.Bd2 Ba6 10.Re1 f6 11.a3 Rb8 12.Rb1 d6 13.h3 Qd7 14.b4 d5 15.Na5 Rfc8 16.Nb3 cxb4
17.axb4 e5 18.Ra1 Bb5 19.Na5 d4 20.Nb3 Nf8 21.Nh4 Ne6 22.Qg4 Rb7 23.Nf5 Bf8
24.f4 c5 25.fxe5 fxe5 26.bxc5 Qe8 27.Rf1  1/2-1/2

[Event "PER-ch"]
[Site "Peru"]
[Date "1994.??.??"]
[Round "10"]
[White "Granda Zuniga, Julio E"]
[Black "Sierra, Miguel"]
[Result "1-0"]
[WhiteElo "2620"]
[BlackElo "2370"]

1.Nf3 Nf6 2.c4 g6 3.Nc3 c5 4.g3 Bg7 5.Bg2 O-O 6.O-O d5 7.cxd5 Nxd5 8.d4 Nc6
9.Nxd5 Qxd5 10.Be3 c4 11.Qc1 Qb5 12.Rd1 Rd8 13.a4 Qa6 14.Bh6 Na5 15.Bxg7 Kxg7
16.Qc3 Kg8 17.d5 Nb3 18.Ra3 Bd7 19.Ne5 Rac8 20.Nxd7 Rxd7 21.Rxb3 Qxa4 22.Rc1  1-0

[Event "PER-ch"]
[Site "Peru"]
[Date "1994.??.??"]
[Round "11"]
[White "Pesantes, Carlos"]
[Black "Granda Zuniga, Julio E"]
[Result "0-1"]
[WhiteElo "2280"]
[BlackElo "2620"]

1.d4 Nf6 2.c4 e6 3.Nc3 Bb4 4.Bg5 h6 5.Bh4 c5 6.d5 d6 7.Rc1 g5 8.Bg3 Ne4 9.f3 Bxc3+
10.bxc3 Nxg3 11.hxg3 e5 12.Qc2 f5 13.e3 Qf6 14.Bd3 O-O 15.Nh3 e4 16.Be2 Nd7
17.Nf2 Qg7 18.Kd2 Nf6 19.Rb1 Re8 20.f4 Kf7 21.fxg5 hxg5 22.Bh5+ Nxh5 23.Rxh5 Rh8
24.Rxh8 Qxh8 25.Nxe4 fxe4 26.Rf1+ Kg8 27.Qxe4 Bd7 28.Qg6+ Qg7 29.Qxd6 Re8
30.Qxc5 Qe5 31.Qd4 Qxg3 32.Rf6 Qxg2+ 33.Kd3 Re7 34.c5 Bb5+ 35.c4 Ba4 36.Kc3 Qxa2
37.Rg6+ Kh7 38.Rxg5 Qb3+ 39.Kd2 Qd1+ 40.Kc3 Qe1+ 41.Kb2 Qf2+ 42.Ka1 Bc2 43.Rh5+ Kg6
44.Qg4+ Kf7 45.Rh3 Rxe3 46.Rxe3 Qxe3 47.Qd7+ Kf6 48.Kb2 Qb3+ 49.Kc1 Bf5 50.Qd6+ Kf7
51.Qc7+ Kg6 52.Qd6+ Kh5 53.Qh2+ Kg6 54.Qd6+ Kg5 55.Qe7+ Kf4 56.Qh4+ Ke5 57.Qe7+ Kf4
58.Qh4+ Ke5 59.Qe7+ Kd4  0-1

[Event "Donner mem"]
[Site "Amsterdam"]
[Date "1995.??.??"]
[Round "1"]
[White "Granda Zuniga, Julio E"]
[Black "Morozevich, Alexander"]
[Result "1-0"]
[WhiteElo "2605"]
[BlackElo "2630"]

1.d4 d5 2.c4 Nc6 3.Nf3 Bg4 4.cxd5 Bxf3 5.dxc6 Bxc6 6.Nc3 e6 7.e4 Bb4 8.f3 Qh4+
9.g3 Qh5 10.Be2 O-O-O 11.Be3 f5 12.Qb3 Bxc3+ 13.bxc3 fxe4 14.Qxe6+ Bd7 15.Qxe4 Re8
16.Qd3 Ne7 17.c4 Nf5 18.Bf4 Ba4 19.Kf2 Rhf8 20.h4 Qg6 21.Rab1 Qf6 22.Bd1 Bd7
23.d5 Qe7 24.Rb3 Qc5+ 25.Kg2 Rf7 26.Qd2 Rfe7 27.Bg5 Re5 28.Bf4 Ne3+ 29.Bxe3 Rxe3
30.Rxe3 Rxe3 31.Bc2 b6 32.Bxh7 Ra3 33.Bb1 Qxc4 34.Rc1 Qb5 35.Qc2 Qc5 36.Qxc5 bxc5
37.Rxc5 Kb7 38.g4 Kb6 39.Rc2 Ra4 40.Rd2 Kc5 41.h5 Kd6 42.Be4 Bb5 43.g5 Ke5
44.Kg3 Bc4 45.Rc2 Kd4 46.h6 gxh6 47.gxh6  1-0

[Event "Donner mem"]
[Site "Amsterdam"]
[Date "1995.??.??"]
[Round "3"]
[White "Granda Zuniga, Julio E"]
[Black "Khalifman, Alexander"]
[Result "1-0"]
[WhiteElo "2605"]
[BlackElo "2655"]

1.d4 Nf6 2.c4 g6 3.g3 c5 4.Nf3 Bg7 5.Bg2 cxd4 6.Nxd4 O-O 7.O-O Nc6 8.Nc3 Ng4
9.e3 d6 10.b3 a6 11.Bb2 Nxd4 12.exd4 Rb8 13.Qe2 Re8 14.Rad1 Nh6 15.Nd5 Bg4
16.Bf3 Bd7 17.Rfe1 Nf5 18.Ne3 Nxe3 19.Qxe3 Bc6 20.Be2 Qd7 21.Qd2 d5 22.c5 e5
23.dxe5 Bxe5 24.Bf3 d4 25.Bxc6 bxc6 26.Qd3 a5 27.Re4 Bg7 28.Rxe8+ Rxe8 29.Bc3 a4
30.Qc4 Qg4 31.Rd3 axb3 32.axb3 Rd8 33.Bd2 h5 34.h4 Re8 35.Kg2 Qe4+ 36.Rf3 Re6
37.Qd3 Qd5 38.b4 Re8 39.Bf4 Re1 40.Qb3 Qd7 41.Bd2 Re8 42.Bf4 Re1 43.Bg5 Qe8
44.Kh2 Ra1 45.Bd2 Ra7 46.Kg2 Kh7 47.Qb1 Qe5 48.Bf4 Qe6 49.Rb3 Qd5+ 50.Kh2 Ra1
51.Qxa1 Qxb3 52.Qh1 Qa4 53.Qe4 Qb5 54.Qe8 Qb7 55.Kg2 Qxb4 56.Qxc6 Qc4 57.Qd6 d3
58.c6 Qe4+ 59.Kh2 Qe2 60.Be3 Bh6 61.Qf6 Bxe3 62.Qxf7+ Kh6 63.c7  1-0

[Event "Donner mem"]
[Site "Amsterdam"]
[Date "1995.??.??"]
[Round "4"]
[White "Seirawan, Yasser"]
[Black "Granda Zuniga, Julio E"]
[Result "0-1"]
[WhiteElo "2625"]
[BlackElo "2605"]

1.d4 Nf6 2.c4 e6 3.Nf3 Bb4+ 4.Nbd2 b6 5.a3 Bxd2+ 6.Qxd2 Bb7 7.g3 d5 8.cxd5 Bxd5
9.Bg2 a5 10.O-O O-O 11.Qc3 Nc6 12.Bg5 h6 13.Bxf6 Qxf6 14.Rfe1 Be4 15.Qe3 Bd5
16.Qc3 Be4 17.Qe3 Bd5 18.Qd3 b5 19.e4 Bc4 20.Qc3 a4 21.Bf1 Rfd8 22.Rad1 Na5
23.Ne5 Ra6 24.Re3 c5 25.f4 Nb3 26.d5 exd5 27.exd5 Bxf1 28.Kxf1 Rad6 29.Qd3 Nd4
30.Ng4 Qg6 31.Qxg6 Rxg6 32.Ne5 Rgd6 33.Red3 Re8 34.Nf3 Nf5 35.Kf2 c4 36.R3d2 Ne3
37.Re1 Ng4+ 38.Kf1 Rxe1+ 39.Kxe1 Nf6 40.Re2 Rxd5 41.Re7 Rd3 42.Ne5 Rb3 43.Rxf7 Rxb2
44.Rb7 b4 45.Nxc4 bxa3 46.Rxb2 axb2 47.Na3 Ng4 48.Kd2 Nxh2 49.Kc2 Nf1  0-1

[Event "Donner mem"]
[Site "Amsterdam"]
[Date "1995.??.??"]
[Round "5"]
[White "Granda Zuniga, Julio E"]
[Black "Van Wely, Loek"]
[Result "1-0"]
[WhiteElo "2605"]
[BlackElo "2585"]

1.d4 Nf6 2.c4 g6 3.g3 Bg7 4.Bg2 O-O 5.Nf3 d6 6.O-O Nbd7 7.Nc3 e5 8.Rb1 c6
9.b4 exd4 10.Nxd4 Nb6 11.Qb3 Ng4 12.Rd1 Qe7 13.h3 Ne5 14.c5 dxc5 15.bxc5 Nbd7
16.Ne4 Kh8 17.Ba3 f5 18.Nd6 f4 19.Ne6 fxg3 20.f4 Nf7 21.Nxf8 Nxd6 22.Nxd7 Nb5
23.Ne5 Be6 24.Qxg3 Rf8 25.Bb2 Qxc5+ 26.Kh1 Qc2 27.Qh4 Bxa2 28.Qe7 Rg8 29.Rbc1  1-0

[Event "Donner mem"]
[Site "Amsterdam"]
[Date "1995.??.??"]
[Round "6"]
[White "Salov, Valery"]
[Black "Granda Zuniga, Julio E"]
[Result "1/2-1/2"]
[WhiteElo "2685"]
[BlackElo "2605"]

1.d4 Nf6 2.c4 e6 3.Nc3 Bb4 4.Qc2 O-O 5.a3 Bxc3+ 6.Qxc3 b6 7.Bg5 Bb7 8.f3 d6
9.e4 c5 10.d5 Nbd7 11.Nh3 exd5 12.cxd5 Re8 13.Be2 h6 14.Bf4 Qe7 15.Qd2 Nh5
16.O-O f5 17.Bb5 fxe4 18.fxe4 a6 19.Bc6 Bxc6 20.dxc6 Ne5 21.Rad1 Rac8 22.Bxe5 dxe5
23.Qe2 Nf6 24.Qxa6 Rxc6 25.Qb5 Qe6 26.Nf2 Ra8 27.Rd2 Ra5 28.Rd8+ Kh7 29.Qe2 Ra4
30.Qf3 Rc7 31.Rfd1 Rd4 32.R1xd4 exd4 33.Qf4 Rd7 34.Rxd7 Nxd7 35.Qf5+ Qxf5
36.exf5 c4 37.Ne4 Ne5 38.Nd2 b5 39.Kf1 Nd3 40.Nf3 c3 41.bxc3 dxc3 42.Nd4 b4
43.axb4 Nxb4 44.Ke2 Kg8 45.Nb5  1/2-1/2

[Event "Donner mem"]
[Site "Amsterdam"]
[Date "1995.??.??"]
[Round "9"]
[White "Granda Zuniga, Julio E"]
[Black "Nunn, John DM"]
[Result "1-0"]
[WhiteElo "2605"]
[BlackElo "2615"]

1.d4 Nf6 2.c4 g6 3.Nc3 Bg7 4.e4 d6 5.Be2 O-O 6.Nf3 e5 7.O-O Nc6 8.d5 Ne7
9.b4 Nh5 10.c5 Nf4 11.Bc4 Bg4 12.h3 Bh5 13.Re1 a5 14.Rb1 Nc8 15.a3 axb4 16.axb4 Kh8
17.Bf1 f5 18.exf5 gxf5 19.Bxf4 exf4 20.Nb5 dxc5 21.bxc5 c6 22.Nbd4 Qxd5 23.Rxb7 Ra7
24.Rxa7 Nxa7 25.Ne6 Bxf3 26.gxf3 Rg8 27.Qxd5 cxd5 28.Rd1 Nc6 29.Kh1 d4 30.Bb5 Rc8
31.Nxf4 Na7 32.Bd7 Rxc5 33.Re1 Re5 34.Ra1 d3 35.Rxa7 d2 36.Ba4 Bh6 37.Nh5  1-0

[Event "Donner mem"]
[Site "Amsterdam"]
[Date "1995.??.??"]
[Round "10"]
[White "Granda Zuniga, Julio E"]
[Black "Huzman, Alexander"]
[Result "1/2-1/2"]
[WhiteElo "2605"]
[BlackElo "2580"]

1.d4 Nf6 2.c4 e6 3.Nc3 Bb4 4.Qc2 O-O 5.a3 Bxc3+ 6.Qxc3 b6 7.Bg5 Bb7 8.f3 c5
9.dxc5 bxc5 10.e3 h6 11.Bh4 d5 12.cxd5 g5 13.Bf2 Nxd5 14.Qd2 f5 15.Ne2 Qf6
16.Nc3 Nxc3 17.Qxc3 Qxc3+ 18.bxc3 Nd7 19.Be2 Ne5 20.O-O Rfd8 21.Rfb1 Bc6
22.Bg3 Nd3 23.c4 e5 24.Rb3 e4 25.fxe4 fxe4 26.Rf1 Kg7 27.Bc7 Rf8 28.Bxd3 exd3
29.Rxf8 Rxf8 30.Rxd3 Kg6 31.Bd8 Kf5 32.Be7 Rb8 33.Rd2 Rb1+ 34.Kf2 Rc1 35.Bxc5 Rxc4
36.Bxa7 Rc3 37.h3 h5 38.Ra2 Bd5 39.e4+ Bxe4 40.a4 Rc2+ 41.Rxc2 Bxc2 42.a5 h4  1/2-1/2

[Event "Donner mem"]
[Site "Amsterdam"]
[Date "1995.??.??"]
[Round "11"]
[White "Timman, Jan H"]
[Black "Granda Zuniga, Julio E"]
[Result "1-0"]
[WhiteElo "2590"]
[BlackElo "2605"]

1.e4 e6 2.d4 d5 3.Nc3 dxe4 4.Nxe4 Nd7 5.Nf3 Be7 6.Bd3 Ngf6 7.Qe2 c5 8.Nxf6+ Bxf6
9.d5 Nb6 10.Bb5+ Kf8 11.dxe6 Bxe6 12.a4 a6 13.Bd3 Qc7 14.O-O Re8 15.a5 Nd7
16.Re1 Re7 17.Qe4 c4 18.Bf1 Nc5 19.Qf4 Qxf4 20.Bxf4 Rd7 21.Be3 Rc7 22.Bf4 Rc8
23.Bd6+ Kg8 24.Ne5 h5 25.Nxc4 Bxc4 26.Bxc4 Bxb2 27.Rad1 Rh6 28.Bxc5 Rxc5
29.Re8+ Kh7 30.Bxf7 Rf6 31.Bd5 Rxa5 32.Be4+ g6 33.Rd7+ Kh6 34.h4 Ra1+ 35.Kh2 Rf4
36.f3 Rxh4+ 37.Kg3 Rah1 38.Re6 Rxe4 39.Rxe4 Bc3 40.Rxb7 Be1+ 41.Kf4 Bd2+
42.Ke5 a5 43.Kf6 Rh2 44.Re2 Bc3+ 45.Kf7 Rh4 46.Re4 Rxe4 47.fxe4 Kg5 48.Rc7  1-0

[Event "Cordoba op"]
[Site "Cordoba"]
[Date "1995.??.??"]
[Round "?"]
[White "Urday, Henry"]
[Black "Granda Zuniga, Julio E"]
[Result "1/2-1/2"]
[WhiteElo "2435"]
[BlackElo "2605"]

1.d4 Nf6 2.Nf3 c6 3.c4 e6 4.Nc3 d5 5.Bg5 dxc4 6.e4 b5 7.e5 h6 8.Bh4 g5 9.Nxg5 hxg5
10.Bxg5 Nbd7 11.g3 Qa5 12.exf6 Ba6 13.a3 O-O-O 14.Qf3 Bb7 15.Bg2 Nb6 16.O-O Rxd4
17.Rfd1 Rxd1+ 18.Rxd1 Nd5 19.Ne4 Qb6 20.Bf4 c5 21.Be5 Bc6 22.h4 Qb7 23.Bd6 Qd7
24.Bxc5 Bxc5 25.Nxc5 Qd6 26.Qe3 Nxe3 27.Rxd6 Bxg2 28.fxe3 Bf3 29.Rd7 Rh5
30.Rxf7 Rxc5 31.Rg7 Rf5 32.f7 Kd8 33.g4 Bxg4  1/2-1/2

[Event "Cordoba op"]
[Site "Cordoba"]
[Date "1995.??.??"]
[Round "?"]
[White "Granda Zuniga, Julio E"]
[Black "Rodriguez Lopez, Rafael"]
[Result "1-0"]
[WhiteElo "2605"]
[BlackElo "2315"]

1.d4 d5 2.c4 c6 3.Nc3 Nf6 4.Nf3 e6 5.e3 Nbd7 6.Bd3 Be7 7.O-O O-O 8.b3 b6
9.Bb2 Bb7 10.Rc1 c5 11.Qe2 Qb8 12.cxd5 Nxd5 13.Rfd1 Nxc3 14.Bxc3 cxd4 15.Bxd4 Rc8
16.Bb5 Rxc1 17.Rxc1 Ba3 18.Rd1 Nf6 19.Bxf6 gxf6 20.Rd7 a6 21.Nd4 axb5 22.Qg4+ Kf8
23.Nxe6+ Ke8 24.Ng7+ Kf8 25.Nh5 Be7 26.Qg7+  1-0

[Event "Cordoba op"]
[Site "Cordoba"]
[Date "1995.??.??"]
[Round "?"]
[White "Granda Zuniga, Julio E"]
[Black "Westerinen, Heikki MJ"]
[Result "1-0"]
[WhiteElo "2605"]
[BlackElo "2375"]

1.d4 f5 2.g3 Nf6 3.Bg2 g6 4.Nh3 d6 5.d5 Nbd7 6.Nf4 Ne5 7.b3 c6 8.c4 Bg7 9.Bb2 Ne4
10.Qc2 Qa5+ 11.Nd2 Qxd2+ 12.Qxd2 Nxd2 13.Kxd2 Bd7 14.Nd3 Kf7 15.Nxe5+ Bxe5
16.Bxe5 dxe5 17.Kc3 e4 18.dxc6 Bxc6 19.e3 a5 20.Rhd1 Rhd8 21.Bf1 b6 22.a3 Rd6
23.b4 Ba4 24.Rd4 Rc8 25.Rb1 Rcc6 26.Be2 Kf6 27.Rb2 Rc7 28.Rbd2 Rdc6 29.Kb2 Ra7
30.Rd8 Rcc7 31.Rf8+ Kg7 32.Rb8 Rab7 33.Rxb7 Rxb7 34.b5 Kf6 35.Rd8 e6 36.Kc3 Rc7
37.Kb2 Rb7 38.f4 exf3 39.Bxf3 Rc7 40.Bc6 Ke7 41.Rb8 Kd6 42.Kc3 Kc5 43.Re8 Kd6
44.Kd4 Rg7 45.Rb8 Bb3 46.Kc3 Ba2 47.a4 Kc5 48.Rc8 Kd6 49.Rd8+ Kc5 50.Bd5  1-0

[Event "PER-ch43"]
[Site "PER"]
[Date "1995.??.??"]
[Round "1"]
[White "Granda Zuniga, Julio E"]
[Black "Miguel, Fernando"]
[Result "1-0"]
[WhiteElo "2620"]
[BlackElo "2305"]

1.d4 Nf6 2.Bg5 e6 3.Nd2 d5 4.e3 c5 5.c3 Nc6 6.f4 h6 7.Bxf6 Qxf6 8.Ngf3 Bd7
9.Bb5 Bd6 10.O-O Qd8 11.Bxc6 bxc6 12.Nb3 c4 13.Nc5 O-O 14.Nb7 Qb8 15.Nxd6 Qxd6
16.b3 cxb3 17.axb3 c5 18.Ne5 Be8 19.Ra5 f6 20.Nf3 cxd4 21.Qxd4 Bh5 22.Nd2 Qb6
23.Rfa1 Qxd4 24.exd4 Bg6 25.b4 Rfc8 26.Rc5 Rxc5 27.dxc5 Bd3 28.Nf3 a6 29.Nd4 e5
30.fxe5 fxe5 31.Nc6 Re8 32.Re1 e4 33.Kf2 Kf7 34.Ke3 Ke6 35.Kd4 Rf8 36.Ne5 Bb5
37.c4 dxc4 38.Rxe4 Rd8+ 39.Ke3 Kf6 40.Nxc4 Bxc4 41.Rxc4 Rc8 42.Kd3 g5 43.Rc2 Ke6
44.Kc4 Rc6 45.Rf2 Kd7 46.Kd5 Rg6 47.c6+ Kc8 48.Kc5  1-0

[Event "PER-ch43"]
[Site "PER"]
[Date "1995.??.??"]
[Round "2"]
[White "Belli, Mario"]
[Black "Granda Zuniga, Julio E"]
[Result "0-1"]
[WhiteElo "2410"]
[BlackElo "2620"]

1.e4 c5 2.Nf3 Nc6 3.d3 g6 4.g3 Bg7 5.Bg2 e5 6.Nc3 Nge7 7.Nd2 d6 8.Nc4 Be6
9.O-O O-O 10.Ne3 Qd7 11.Ned5 Rae8 12.Bh6 Nxd5 13.Nxd5 Bxd5 14.Bxg7 Kxg7 15.exd5 Nd8
16.Qd2 f5 17.f4 Nf7 18.b4 cxb4 19.Qxb4 Qc7 20.c4 h5 21.Rac1 b6 22.Rfe1 h4
23.Qc3 Qd8 24.fxe5 dxe5 25.c5 bxc5 26.Qxc5 hxg3 27.hxg3 Re7 28.Re2 Rd7 29.Qe3 Rh8
30.Rc5 Qb6 31.Rc6 Qxe3+ 32.Rxe3 Rb8 33.Re2 Rb4 34.Rec2 Rd4 35.R2c3 Rb7 36.R6c4 Rb1+
37.Kh2 Rb2 38.Rxd4 exd4 39.Ra3 Ne5 40.d6 Kf6 41.Rxa7 g5 42.Kg1 Rb1+ 43.Kh2 Ng4+
44.Kh3 Rb2 45.d7 Ke7 46.Ra4 Ne3 47.Rxd4 Kd8 48.Be4 Rb6 49.Kh2 Ng4+ 50.Kg1 Rb1+
51.Kg2 Rb2+ 52.Kg1 fxe4 53.dxe4 Rxa2 54.e5 Nxe5 55.Rd5 Re2 56.Kf1 Re4  0-1

[Event "PER-ch43"]
[Site "PER"]
[Date "1995.??.??"]
[Round "3"]
[White "Granda Zuniga, Julio E"]
[Black "Urday, Henry"]
[Result "0-1"]
[WhiteElo "2620"]
[BlackElo "2440"]

1.d4 Nf6 2.Nf3 e6 3.c4 Bb4+ 4.Bd2 a5 5.g3 b6 6.Bg2 Bb7 7.O-O O-O 8.Qc2 Be4
9.Qc1 Na6 10.Rd1 Rc8 11.Bg5 Be7 12.Nc3 Ba8 13.d5 Nc5 14.Rd4 Ne8 15.h4 Nd6
16.b3 f5 17.dxe6 Nxe6 18.Bxe7 Qxe7 19.Nd5 Bxd5 20.Rxd5 f4 21.g4 Rce8 22.Qc2 Nc5
23.Re1 Nde4 24.Re5 Qf6 25.g5 Qg6 26.Rxe8 Rxe8 27.Nd2 Nxd2 28.Qxd2 Rf8 29.a3 d6
30.b4 axb4 31.axb4 Nd7 32.Ra1 h6 33.Qd5+ Kh8 34.Be4 Qh5 35.Bf3 Qxh4 36.Ra7 Ne5
37.Rxc7 Qxg5+ 38.Kf1 Nxf3 39.Qxf3 Qe5 40.Ra7 h5 41.e3 Kh7 42.Ra6 Rf6 43.exf4 Rxf4
44.Qd3+ g6 45.Rxb6 Qa1+ 46.Kg2 Qe1 47.Qc2 Rh4  0-1

[Event "PER-ch43"]
[Site "PER"]
[Date "1995.??.??"]
[Round "4"]
[White "Munoz Pantoja, Miguel"]
[Black "Granda Zuniga, Julio E"]
[Result "1/2-1/2"]
[WhiteElo "2260"]
[BlackElo "2620"]

1.e4 c6 2.Nf3 d5 3.Nc3 Bg4 4.Be2 e6 5.O-O Nf6 6.Ne5 Bxe2 7.Qxe2 Bd6 8.Nxf7 Kxf7
9.e5 Bxe5 10.Qxe5 Nbd7 11.Qg3 e5 12.d3 Qb6 13.a4 Rae8 14.a5 Qc5 15.a6 b5
16.Bg5 b4 17.Na4 Qxc2 18.Rfc1 Qe2 19.Qh4 d4 20.Qh3 e4 21.dxe4 Qxe4 22.Bxf6 Nxf6
23.Qb3+ Nd5 24.Nc5 Qf5 25.Qc4 Rhf8 26.Nd3 Kg8 27.Qxc6 Kh8 28.Qc4 Rd8 29.Rf1 Nb6
30.Qb3 Rf6 31.Rae1 Qb5 32.Re5 Qxa6 33.Nxb4 Qc8 34.Rfe1 Nd7 35.Re7 Nf8 36.Nd5 Rfd6
37.Nf4 Qf5 38.Qg3 g6 39.Nd3 a6 40.Qe5+ Qf6 41.Rf7 Qxe5 42.Rxe5 Kg8  1/2-1/2

[Event "PER-ch43"]
[Site "PER"]
[Date "1995.??.??"]
[Round "5"]
[White "Granda Zuniga, Julio E"]
[Black "Robbiano Taboada, Carlo"]
[Result "1-0"]
[WhiteElo "2620"]
[BlackElo "2285"]

1.d4 Nf6 2.c4 e6 3.Nf3 d5 4.Bg5 Be7 5.e3 h6 6.Bxf6 Bxf6 7.Nc3 O-O 8.Qc2 Na6
9.Rd1 c5 10.dxc5 Qa5 11.cxd5 Nxc5 12.dxe6 Bxc3+ 13.Qxc3 Qxc3+ 14.bxc3 Bxe6
15.c4 Bg4 16.Be2 Rfd8 17.Rxd8+ Rxd8 18.Nd4 Bxe2 19.Kxe2 Rd6 20.Rc1 Rb6 21.h4 h5
22.Rc2 g6 23.Nb5 a6 24.Nc3 Kg7 25.f3 Rb4 26.Nd5 Rb1 27.e4 Rh1 28.Kf2 Rd1
29.Ne3 Rb1 30.Rd2 b5 31.Kg3 bxc4 32.Nxc4 Rb4 33.Nd6 Ne6 34.Ne8+ Kf8 35.Nf6 Kg7
36.Nd5 Rb7 37.Rd3 a5 38.Ra3 Rb5 39.Ne3 Rc5 40.Ra4 Nd8 41.Rc4 Rxc4 42.Nxc4 Nc6
43.Kf4 Kf6 44.Ke3 Ke6 45.a4 f6 46.g3 Ke7 47.f4 Ke6 48.Kd3 f5 49.exf5+ Kxf5
50.Ne3+ Ke6 51.Kc4 Kd6 52.f5 gxf5 53.Nxf5+ Ke5 54.Ng7 Ke4 55.Nxh5 Kf3 56.Kb5 Ne7
57.Kxa5 Kg4 58.Kb6 Kxh5 59.a5 Kg4 60.a6 Kxg3 61.h5  1-0

[Event "PER-ch43"]
[Site "PER"]
[Date "1995.??.??"]
[Round "6"]
[White "Granda Zuniga, Julio E"]
[Black "Cruz, Filemon"]
[Result "1-0"]
[WhiteElo "2620"]
[BlackElo "2405"]

1.d4 d5 2.c4 c6 3.Nc3 Nf6 4.Nf3 dxc4 5.a4 Bf5 6.Ne5 e6 7.f3 Bb4 8.Nxc4 a5
9.e4 Bg6 10.Be2 O-O 11.O-O c5 12.dxc5 Bxc5+ 13.Kh1 Nc6 14.Bg5 h6 15.Bh4 Qxd1
16.Rfxd1 Nd4 17.Bf1 Rfc8 18.Bf2 Nb3 19.Bxc5 Rxc5 20.Ra3  1-0

[Event "PER-ch43"]
[Site "PER"]
[Date "1995.??.??"]
[Round "7"]
[White "Pacheco Asmat, Jorge"]
[Black "Granda Zuniga, Julio E"]
[Result "0-1"]
[WhiteElo "2205"]
[BlackElo "2620"]

1.d4 Nf6 2.c4 e6 3.Nc3 Bb4 4.Bg5 h6 5.Bh4 c5 6.d5 Bxc3+ 7.bxc3 d6 8.e3 Qe7
9.Bd3 Nbd7 10.dxe6 Qxe6 11.Ne2 g5 12.Bg3 Ne5 13.O-O Bd7 14.Re1 Qe7 15.Nd4 O-O
16.Nf5 Bxf5 17.Bxf5 Nxc4 18.e4 Ne8 19.Qe2 Nb6 20.Rad1 Rd8 21.e5 Ng7 22.Bc2 dxe5
23.f4 e4 24.fxg5 hxg5 25.Bxe4 f5 26.Rxd8 Rxd8 27.Bc2 Qxe2 28.Rxe2 Kf7 29.a4 c4
30.Bf2 Rd5 31.h4 gxh4 32.Bxh4 Nc8 33.Bg3 Ne7 34.Bf4 Ne6 35.Be3 b6 36.Rd2 Re5
37.Kf2 Nd5 38.Bd4 Nxd4 39.cxd4 Re3 40.Bxf5 Kf6 41.g4 Ra3 42.Re2 Nb4 43.Re8 Rxa4
44.Kf3 Ra3+ 45.Ke4 Ra1 46.Rf8+ Kg5 47.Rg8+ Kh4 48.Rh8+ Kg3 49.Ke5 Re1+ 50.Kf6 Nd5+
51.Kf7 Re7+ 52.Kg6 Rc7 53.Rh1 c3 54.Kh6 Ne3  0-1

[Event "PER-ch43"]
[Site "PER"]
[Date "1995.??.??"]
[Round "8"]
[White "Granda Zuniga, Julio E"]
[Black "Aguilar, Juan"]
[Result "1-0"]
[WhiteElo "2620"]
[BlackElo "2290"]

1.c4 Nf6 2.Nc3 g6 3.g3 Bg7 4.Bg2 O-O 5.Nf3 d6 6.d4 c5 7.dxc5 dxc5 8.Be3 Qa5
9.Qa4 Nc6 10.Qxa5 Nxa5 11.Nd2 Nd7 12.Rc1 Rb8 13.a3 b6 14.b4 Bb7 15.Nd5 e6
16.Bf4 e5 17.Be3 Nc6 18.bxc5 bxc5 19.Rb1 Kh8 20.O-O Nd4 21.Bxd4 exd4 22.Rb5 Bxd5
23.Bxd5 Rxb5 24.cxb5 Nb6 25.Bc4 Re8 26.Bd3 Bf8 27.Ra1 Bh6 28.Nc4 Nxc4 29.Bxc4 Bd2
30.Ra2 Be1 31.Kf1 Bc3 32.Bxf7 Re7 33.Bc4 Kg7 34.Rc2 Kf6 35.Bd3 Ke5 36.e4 g5
37.f3 Rc7 38.Bc4 g4 39.f4+ Kxe4 40.Re2+ Kf5 41.Re6 d3 42.Rd6 Ke4 43.Bxd3+ Ke3
44.Bc4 Bd4 45.a4 Kd2 46.a5 Re7 47.Re6 Rd7 48.b6 axb6 49.axb6 Kc3 50.Ba6 Rd8
51.b7  1-0

[Event "PER-ch43"]
[Site "PER"]
[Date "1995.??.??"]
[Round "10"]
[White "Granda Zuniga, Julio E"]
[Black "Sierra, Miguel"]
[Result "1-0"]
[WhiteElo "2620"]
[BlackElo "2370"]

1.e4 e6 2.d4 d5 3.Nd2 Nc6 4.Ngf3 Nf6 5.e5 Nd7 6.Nb3 Be7 7.Bf4 Nb6 8.c3 Nc4
9.Qc2 a5 10.a4 b6 11.Bd3 Ba6 12.Nc1 g5 13.Bg3 g4 14.Ng1 Bg5 15.b3 Nd2 16.Bxa6 Rxa6
17.Qd3 Nb8 18.f4 gxf3 19.gxf3 Bh6 20.Nge2 Rg8 21.Ra2  1-0

[Event "PER-ch43"]
[Site "PER"]
[Date "1995.??.??"]
[Round "11"]
[White "Oblitas, Carlomagno"]
[Black "Granda Zuniga, Julio E"]
[Result "1/2-1/2"]
[WhiteElo "2440"]
[BlackElo "2620"]

1.Nf3 d5 2.g3 c6 3.Bg2 Nf6 4.O-O Bg4 5.Ne5 Bh5 6.d4 Nbd7 7.Nd3 e6 8.Nf4 Bg6
9.Nxg6 hxg6 10.Nd2 Be7 11.e4 Nxe4 12.Nxe4 dxe4 13.Bxe4 Nf6 14.Bg2 Qa5 15.c3 Rd8
16.b4 Qb6 17.Qe2 a5 18.a3 axb4 19.axb4 Nd5 20.Bd2 Bf6 21.Qc4 O-O 22.Rfe1 Qc7
23.Ra5 b6 24.Ra6 e5 25.dxe5 Bxe5 26.Bg5 Bf6 27.Bxf6 gxf6 28.b5 cxb5 29.Qxc7 Nxc7
30.Rxb6 f5 31.Rb7 Rc8 32.Re7 Ne8 33.Bd5 Nd6 34.Rbd7 Rfd8 35.Bxf7+ Nxf7 36.Rxf7 Rxd7
37.Rxd7 Rxc3 38.Rb7 Rb3 39.h4 Kf8 40.Kg2 Kg8 41.Kf1 Kf8 42.Ke2 Kg8 43.Kd2 b4
44.Ke1 Kf8 45.Kf1 Kg8 46.Kg2 Kf8 47.Kh3 Rb2 48.h5 gxh5 49.f4 Rb1 50.Kh4 Rh1+
51.Kg5 Rh3 52.Kf6 Kg8 53.Rg7+ Kh8 54.Rg5 Kh7 55.Rxf5 Kh6 56.Rg5 b3 57.Rg6+ Kh7
58.Rg7+ Kh6 59.Rg6+ Kh7 60.f5 b2 61.Rg7+ Kh6 62.Rb7 Rxg3 63.Rxb2 h4 64.Rb8 Kh5  1/2-1/2

[Event "Santa Cruz de la Palma op"]
[Site "Santa Cruz"]
[Date "1995.??.??"]
[Round "?"]
[White "Granda Zuniga, Julio E"]
[Black "Davies, Nigel R"]
[Result "0-1"]
[WhiteElo "2620"]
[BlackElo "2530"]

1.d4 Nf6 2.Nf3 e6 3.c4 b6 4.g3 Ba6 5.b3 Bb7 6.Bg2 Bb4+ 7.Bd2 Be7 8.O-O O-O
9.Nc3 Na6 10.Qb1 d5 11.Ne5 c5 12.e3 Qc8 13.cxd5 exd5 14.Qb2 h6 15.Rac1 Re8
16.Rfd1 Qe6 17.Nd3 g5 18.Rf1 Ne4 19.f4 Bf8 20.fxg5 hxg5 21.Nxe4 dxe4 22.Nf2 Rad8
23.Bc3 f5 24.Qe2 Qg6 25.Qc4+ Kh7 26.Ng4 Nc7 27.dxc5 Ba6 28.Nf6+ Kh6 29.Ng8+ Kh7
30.Nf6+ Kh6 31.Qg8 Bxc5 32.Qxg6+ Kxg6 33.Nxe8 Bxf1 34.Rxf1 Bxe3+ 35.Kh1 Rxe8
36.Rd1 Re7 37.Rd6+ Kh7 38.Bf6 Rf7 39.Be5 Bc5 40.Rc6 Nd5 41.g4 Re7  0-1

[Event "Santa Cruz de la Palma op"]
[Site "Santa Cruz"]
[Date "1995.??.??"]
[Round "?"]
[White "Granda Zuniga, Julio E"]
[Black "Strikovic, Aleksa"]
[Result "0-1"]
[WhiteElo "2620"]
[BlackElo "2485"]

1.c4 g6 2.Nc3 Bg7 3.g3 e5 4.Bg2 d6 5.e3 f5 6.d4 Nd7 7.b3 Ngf6 8.Ba3 e4 9.h4 O-O
10.Nh3 Nh5 11.Bf1 c5 12.Be2 cxd4 13.exd4 Ndf6 14.Qd2 Re8 15.Rg1 Ng4 16.Nd5 Nxf2
17.Kxf2 e3+ 18.Nxe3 f4 19.Nxf4 Nxf4 20.gxf4 Qxh4+ 21.Kf3 Qh5+ 22.Kf2 Qh4+
23.Rg3 Qxf4+ 24.Kg2 Bxd4 25.Rf1 Bxe3 26.Qd5+ Be6 27.Qd3 Bf5 28.Qd5+ Be6 29.Qxb7 Qe5
30.Rh1 Bh6 31.Bd3 Bg7 32.Bc1 Rab8 33.Qxa7 Ra8 34.Qf2 Bd7 35.Bf4 Bc6+ 36.Kh2 Rf8
37.Rf1 Qh5+ 38.Rh3 Qg4 39.Be2 Qe6 40.Re3 Be5 41.Qg3 Rxa2 42.Rf2 Qf5 43.Rxe5  0-1

[Event "Santa Cruz de la Palma op"]
[Site "Santa Cruz"]
[Date "1995.??.??"]
[Round "?"]
[White "Martin, Juan Manuel"]
[Black "Granda Zuniga, Julio E"]
[Result "0-1"]
[WhiteElo "2295"]
[BlackElo "2620"]

1.e4 c5 2.Nf3 Nc6 3.d4 cxd4 4.Nxd4 e6 5.Nb5 d6 6.c4 Nf6 7.N1c3 a6 8.Na3 Be7
9.Be2 O-O 10.O-O b6 11.Be3 Bb7 12.Qb3 Nd7 13.Rfd1 Qc7 14.Rac1 Rac8 15.Nab1 Na5
16.Qa4 Ne5 17.Nd2 Naxc4 18.Nxc4 Nxc4 19.Bxc4 Qxc4 20.Qa3 Bd8 21.Qxd6 b5 22.Nd5 Qa4
23.b3 Rxc1 24.Bxc1 Qxe4 25.Ba3 Re8 26.Qxd8 exd5 27.Qa5 d4 28.f3 Qe3+  0-1

[Event "Santa Cruz de la Palma op"]
[Site "Santa Cruz"]
[Date "1995.??.??"]
[Round "?"]
[White "Rodriguez Lopez, Rafael"]
[Black "Granda Zuniga, Julio E"]
[Result "0-1"]
[WhiteElo "2300"]
[BlackElo "2620"]

1.e4 c5 2.Nf3 Nc6 3.Bb5 e6 4.O-O Nge7 5.Nc3 a6 6.Bxc6 Nxc6 7.d4 cxd4 8.Nxd4 Qc7
9.Nxc6 Qxc6 10.Qg4 b5 11.a3 Bb7 12.Re1 O-O-O 13.Bd2 h5 14.Qh3 Bc5 15.a4 b4
16.Na2 Qb6 17.Be3 d5 18.Bxc5 Qxc5 19.e5 d4 20.a5 Rh6 21.Nc1 Rg6 22.Nd3 Bxg2
23.Nxc5 Bxh3+ 24.Kh1 Bg2+ 25.Kg1 b3 26.Nd3 Bh3+ 27.Kh1 bxc2 28.Nf4 Bf5 29.Nxg6 Bxg6
30.Re2 d3 31.Rd2 Rd5  0-1